...

NIRU LIBRARY

Strategic communication : (Record no. 247)

MARC details
000 -LEADER
fixed length control field 00716cam a22002178i 4500
005 - DATE AND TIME OF LATEST TRANSACTION
control field 20230626110404.0
008 - FIXED-LENGTH DATA ELEMENTS--GENERAL INFORMATION
fixed length control field 171106s2018 enk b 001 0 eng
010 ## - LIBRARY OF CONGRESS CONTROL NUMBER
LC control number 2017050232
020 ## - INTERNATIONAL STANDARD BOOK NUMBER
International Standard Book Number 9781138657038 (pbk. : alk. paper)
040 ## - CATALOGING SOURCE
Transcribing agency NIRUC
Modifying agency NIRUC
050 00 - LIBRARY OF CONGRESS CALL NUMBER
Classification number HD30.3
Item number .F35 2018
100 1# - MAIN ENTRY--PERSONAL NAME
Personal name Falkheimer, Jesper,
245 10 - TITLE STATEMENT
Title Strategic communication :
Remainder of title an introduction /
Statement of responsibility, etc. Jesper Falkheimer and Mats Heide.
264 #1 - PRODUCTION, PUBLICATION, DISTRIBUTION, MANUFACTURE, AND COPYRIGHT NOTICE
Place of production, publication, distribution, manufacture New York, NY :
Name of producer, publisher, distributor, manufacturer Routledge,
Date of production, publication, distribution, manufacture, or copyright notice 2018
300 ## - PHYSICAL DESCRIPTION
Extent xiv,159p.;
Other physical details ill.
Dimensions 24cm
504 ## - BIBLIOGRAPHY, ETC. NOTE
Bibliography, etc. note Includes bibliographical references and index.
650 #0 - SUBJECT ADDED ENTRY--TOPICAL TERM
Topical term or geographic name entry element Communication in organizations.
650 #0 - SUBJECT ADDED ENTRY--TOPICAL TERM
Topical term or geographic name entry element Communication in management.
700 1# - ADDED ENTRY--PERSONAL NAME
Personal name Heide, Mats,
Relator term author.
942 ## - ADDED ENTRY ELEMENTS (KOHA)
Source of classification or shelving scheme Library of Congress Classification
Koha item type Books
Suppress in OPAC No
Holdings
Withdrawn status Lost status Source of classification or shelving scheme Damaged status Not for loan Home library Current library Shelving location Date acquired Total checkouts Full call number Barcode Date last seen Price effective from Koha item type Date last checked out
    Library of Congress Classification     NIRU LIBRARY NIRU LIBRARY On display 06/26/2023   HD30.3.F35 2018 2023-0554 06/26/2023 06/26/2023 Books  
    Library of Congress Classification     NIRU LIBRARY NIRU LIBRARY On display 06/26/2023 1 HD30.3.F35 2018 2023-0555 02/16/2024 06/26/2023 Books 12/21/2023
Copyright © 2025&6. National Intelligence and Research University. All Rights Reserved.